Vplyv aplikácie medzinárodných štandardov finančného vykazovania na finančnú výkonnosť podniku
Uložené v:
| Hlavný autor: | |
|---|---|
| Médium: | Kapitola |
| Jazyk: | Slovak |
| Tagy: |
Žiadne tagy, Buďte prvý, kto otaguje tento záznam!
|
MARC
| LEADER | 00000nla a2200000 4500 | ||
|---|---|---|---|
| 001 | 0236006 | ||
| 005 | 20240502073822.0 | ||
| 041 | 0 | |a slo | |
| 044 | |a SK | ||
| 245 | 1 | 0 | |a Vplyv aplikácie medzinárodných štandardov finančného vykazovania na finančnú výkonnosť podniku |c Jozef Lukáč |
| 500 | |a Abstrakt | ||
| 100 | 1 | |a Lukáč, Jozef, 1991- | |